[Event "BCF-ch U13"]
[Site "Coventry"]
[Date "2015.07.29"]
[Round "3"]
[White "Kumaresan, Darshan"]
[Black "Modi, Shyam Jagdish"]
[Result "1-0"]
[WhiteElo "1577"]
[BlackElo "1555"]
[PlyCount "84"]
[EventDate "2015.07.27"]
[EventType "swiss"]
[EventRounds "7"]
[EventCountry "ENG"]
[SourceTitle "CBM 167 Extra"]
[Source "ChessBase"]
[SourceDate "2015.09.14"]
[SourceVersion "1"]
[SourceVersionDate "2015.09.14"]
[SourceQuality "1"]

1. d4 Nf6 2. Nf3 g6 3. g3 Bg7 4. Bg2 0-0 5. c4 d6 6. 0-0 Nbd7 7. Qc2 e5 8. Rd1 Qe7 9. Nc3 c6 10. b3 e4 11. Ng5 d5 12. cxd5 cxd5 13. Nb5 Qb4 14. a4 Rd8 15. Ba3 Qa5 16. Qc7 Qxc7 17. Nxc7 Rb8 18. Be7 Rf8 19. Bxf8 Kxf8 20. Nb5 h6 21. Nh3 a6 22. Nd6 Ke7 23. Nxc8+ Rxc8 24. Rac1 Rc6 25. Rxc6 bxc6 26. e3 Kd6 27. a5 g5 28. Bf1 Nb8 29. Kg2 Bf8 30. b4 Be7 31. Ng1 Nfd7 32. Ne2 f5 33. Nc3 Bd8 34. Na4 Bc7 35. h3 g4 36. hxg4 fxg4 37. Be2 h5 38. Ra1 Nf6 39. Nc5 Ke7 40. Bxa6 Nxa6 41. Nxa6 Kd8 42. Nc5 Ke7 1-0